00385nam a2200121Ia 4500008004100000245007600041260002800117260000900145300001000154650001800164650001500182856006600197170221s9999 xx 000 0 und d aBetween Objectivity and Openness—The Mediality of Data for Journalism bMedia and Communication c2013 a1 : 1 xCommunication xMedia Arts uhttp://www.librelloph.com/mediaandcommunication/issue/current